00365nam a22001457a 4500003000400000005001700004008004100021020001800062040001100080100002600091245004500117250001100162260003500173300001100208OSt20260328143740.0260328b |||||||| |||| 00| 0 eng d a9788175052147 cSVYASA aSwami Ranganathananda aUniversal message of Bhagavad Gita Vol-2 a1st ed aKolkatabAdvaita Ashramac2010 a547 p.